British Musical Acts with the Most Hit Songs in the U.S. - Statistics

General Stats
  • This quiz has been taken 83 times
  • The average score is 12 of 21
Answer Stats
# Highest Song Answer % Correct
26 Hey Jude The Beatles
100%
10 Rolling in the Deep Adele
92%
14 Shape of You Ed Sheeran
92%
27 Candle in the Wind 1997 Elton John
92%
8 Viva la Vida Coldplay
88%
13 (I Can't Get No) Satisfaction The Rolling Stones
88%
13 Faith George Michael
79%
13 Night Fever Bee Gees
73%
15 Against All Odds (Take a Look at Me Now) Phil Collins
60%
11 Levitating Dua Lipa
56%
11 Silly Love Songs Paul McCartney & Wings
49%
15 Tonight's the Night (Gonna Be Alright) Rod Stewart
49%
10 Land of Confusion Genesis
44%
8 Morning Train (Nine to Five) Sheena Easton
43%
11 The Reflex Duran Duran
40%
9 Coming Up Paul McCartney
37%
9 Telephone Line Electric Light Orchestra
31%
10 This Is What You Came For Calvin Harris
27%
8 Desert Rose Sting
25%
10 Hold Me Fleetwood Mac
17%
8 I'll Never Fall in Love Again Tom Jones
15%
No matching quizzes found
Score Distribution
Percent of People with Each Score
Percentile by Number Answered
Your Score History
You have not taken this quiz